VÝROBNE PREFABRIKÁTOV V EKONOMICKÝCH ÚVAHÁCH

Bibliographic Details
Main Author: Kučera, Marcel (Author)
Format: Article
Language:Slovak

MARC

LEADER 00000nab a2200000uu 4500
001 vtls011484280
003 SK-MaSNL
005 20260303155257.0
008 230222|1960 xo |||||||||||||||||slo|
015 |a SNBRB 
035 |a (urnnbn)urn:nbn:sk:snk:ar-0076uu 
035 |a (uuid)3363e06f-5b33-4dc3-bb46-d3758a2788e0 
035 |a urn:nbn:sk:snk-abdax4 
040 |a SNKBUCL  |b slo  |c SNKBUCL  |e AACR2 
041 0 |a slo 
044 |a xo  |c SK 
100 1 |a Kučera, Marcel  |4 aut  |9 1178819 
245 1 0 |a VÝROBNE PREFABRIKÁTOV V EKONOMICKÝCH ÚVAHÁCH  |c Marcel Kučera 
773 0 |t Stavba : časopis pre techniku a ekonomiku stavebníctva  |g Roč. 7, č. 9 (1960), s. 285-286 
954 |a odborná, vedecká literatúra pôvodná (slovenská)  |2 lita 
958 |a OND 
958 |a EUIPO 
958 |a article18 
999 |c 2039321  |d 2041251